Suomalaisurheilua J-kirjaimella - Statistics

Yleistilastot
  • Tätä visaa on pelattu 25 kertaa
  • Keskiarvotulos 4 / 8
Vastaustilastot
Vihje Vastaus % Oikein
Kings, Islanders, Panthers, Coyotes, Flames, Rangers, Jets, Predators, Maple Leafs Olli Jokinen
86%
Purjehduskultaa 2000, parinsakin kelpaisi tähän visaan Jyrki Järvi
64%
Boltonin maalilla 15 vuotta Jussi Jääskeläinen
55%
Ratkaisi Ilveksen mestaruuden 1985, NHL:ssä piste/peli -tahtia Risto Jalo
55%
Olympiavoittaja Venäjällä Sami Jauhojärvi
50%
Keihäsmitali 2008 niin lähellä, mutta kuitenkin... Tero Järvenpää
50%
Yleisurheilussa 10 maailmanennätystä Matti Järvinen
41%
Maalintekijä nro4 Arto Javanainen
18%
Ehtoja vastaavia visoja ei löytynyt
Tulosjakauma
Jokaisen tuloksen saaneiden osuus
Persentiili vastausten määrän mukaan
Tuloshistoriasi
Et ole pelannut tätä visaa